00754 a2200169 45000010006000000050017000060080041000230030015000640400040000790800086001192450085002052640038002903000019003285050201003470410008005481000028005565426020260407155813.0260407a1975 arg spa dAR-UNSa-BCEJYS aAR-UNSa-BCEJYSbspacAR-UNSa-BCEJYS a330.13xRentabilidad. Principio económico. Utilidad. Valor. Principio del valor10aEl papel de las funciones de producción generalizadas en la teoría del costo 1aBuenos Aires :bEl Coloquioc1975 a152 p.c21 cm. a1. Generalidades sobre la teoría del costo y la producción – 2. Teorema de Wicksell-Johson – 3. Teorema fundamental de la teoría del costo – 4. Funciones de producción generalizadas. aspa1 aFernandez Pol, Jorge E.